| 000 | 00537nam a2200193 u 4500 | ||
|---|---|---|---|
| 005 | 20210223131254.0 | ||
| 008 | 100428s2007 r 000 0 eng d | ||
| 020 | _a9788496187764 | ||
| 035 | _aUPN01000175595 | ||
| 049 | _aCG | ||
| 050 | 4 |
_aPN1992.55 _bS4.5 |
|
| 100 | 1 | _aSenabre Carbonell, Enric | |
| 245 | 1 | 0 |
_aMira la tele-- ¡y piensa! / _cEnric Senabre. |
| 260 |
_aPicanya, Esp. : _bAbisal, _c2007. |
||
| 300 | _a127 p. | ||
| 440 | 0 |
_aPara entender el mundo ; _v7 |
|
| 650 | 4 |
_aTELEVISION - _xFILOSOFIA _917405 |
|
| 905 | _aLibro | ||
| 999 |
_c147699 _d147699 |
||